00744nam a2200205 450000500170000001000150001702000270003203500140005903700090007308200080008210000330009024500730012325000060019626000580020227000590026030000200031994200220033999900190036195201580038020260318122602.0 aENG-147895 c1480.00a9789349750425 aEN-131427 bDBAD a515 aHosseini, Hossein Giv988577 aMathematical Analysis and its Inherent Nature/cHossein Hosseini Giv a1 aHyderabadbUniversities Press (India) Pvt. Ltd.c2026 a3-6-747/A & 3-6-754/1, HimayatnagarbHyderabade500029 a348p.c24cm(pb) 2ddccENh515mHOS c215610d215610 001040708NFICaDBADbDBADd2026-03-18eDelivery of Books Act Divisiong1480.00l0o515 HOSpEN-131427r2026-03-18 00:00:00t1v1480.00w2026-03-18yEN